01066nam a2200241 a 4500001001000000003000500010005001700015008004100032010001100073011001100084040000900095100004000104245026500144260004100409500006000450502008200510650002100592650004000613650004000653650002400693650003700717856007000754000113430CHAP20220329144354.0170622s2016 mx a fsm |||||||spa d a109891 a110863 cCHAP00aDíaz Mota, María de los Angeles10aActividad antifúngica y fitotóxica de los extractos vegetales de Tulbaghia violacea, Piper auritum, Capsicum chinense, Raphanus sativus, Brassica napobrassica, Dieffenbachia amoena, Nerium oleander /h[En línea]cpor María de los Ángeles Díaz Mota. aChapingo, Méx. :bEl autor,c2016. aPara ver el contenido del material haga clic en la liga aTesis (Ph.D. en Ciencias en Horticultura) -- UACH. Departamento de Fitotecnia14aAleloquímicos.14aExtractos vegetales como fungicida.14aExtractos vegetales como herbicida.14aMetanolxToxicidad.14aPepinoxEnfermedades por hongos. aFinding aiduhttp://10.13.5.2/tesis/sist113430.pdfzTeclea aquí